Harry Potter Sätze dem entsprechenden Buch zuordnen - Statistiken

Allgemein
  • Dieses Quiz wurde 33 mal gespielt
  • Das Durchschnittsergebnis liegt bei 3 aus 7
Antwortstatistiken
Frage Antwort % Korrekt
Bitte geben Sie die beigefügte Zustimmungserklärung zur Unterschrift Ihren Eltern oder Ihrem Vormund. Harry Potter und der Gefangene von Askaban
76%
Was sagte man zueinander nach sechzehn Jahren heftiger Abneigung ? Harry Potter und die Heiligtümer des Todes
55%
Harry wußte nicht was „Hagger" bedeutete, oder aus welcher Sprache das Wort stammte; und er dachte auch nicht viel darüber nach. Harry Potter und der Orden des Phönix
38%
Im "Gehängten Mann", dem Dorfpub, ging es an diesem Abend hoch her; alles, was Beine hatte, war gekommen, um über die Morde zu spekulieren. Harry Potter und der Feuerkelch
31%
Er streckte die Hand aus, doch Harry machte keine Anstalten, ihm die seine zu reichen. Harry Potter und der Stein der Weisen
31%
Nur - da saß schon jemand. Harry Potter und die Kammer des Schreckens
31%
»Unfassbar! Also ist es ihre Schuld, dass diese Menschen umgekommen sind und ich Fragen über verrostete Spannseile und korrodierte Dehnungsfugen und was weiß ich noch beantworten muss! « erwiderte der Premierminister wütend. Harry Potter und der Halbblutprinz
24%
Keine übereinstimmenden Quizze gefunden
Verteilung der Resultate
Anzahl Personen mit jedem Resultat
Perzentil nach korrekt beantworteten Fragen
Ihre Resultats-Entwicklung
Sie haben dieses Quiz noch nicht gespielt